Normal view
MARC view
- ORAL COMMUNICATION PUBLIC SPEAKING ]
Entry Topical Term
001 - CONTROL NUMBER
- control field: 76118
003 - CONTROL NUMBER IDENTIFIER
- control field: NUST
005 - DATE AND TIME OF LATEST TRANSACTION
- control field: 20210628205600.0
008 - FIXED-LENGTH DATA ELEMENTS
- fixed length control field: 210628|| aca||aabn | a|a d
040 ## - CATALOGING SOURCE
- Original cataloging agency: NUST
- Transcribing agency: NUST
150 ## - HEADING--TOPICAL TERM
- Topical term or geographic name entry element: ORAL COMMUNICATION PUBLIC SPEAKING ]
670 ## - SOURCE DATA FOUND
- Source citation: Work cat.: (NUST): Hager, Peter J Scheiber, H. J 76117, Desiging and delivering presentations scientific technical and managerial, 1997
